000 00652nam a2200181Ia 4500
008 100921s9999 xx 000 0 und d
082 _b30105
_a891.463 थ 98
100 _aभोसले द.ता.
245 _aमी आणि माझा बाप.
260 _bमेहता प्रकाशन, पुणे.
_c1998
300 _a157
_bरसिक साहित्य,पुणे
365 _b100
520 _aललित-कादंबरी.
630 _aमी आणि माझा बाप.
650 _aललित-कादंबरी.
730 _aमी आणि माझा बाप.
942 _cBOOK
999 _c779218
_d779215